01057cam a22002651 4500001001300000003000400013005001700017008004100034010001700075035001900092040002500111042001200136050002700148051001900175082001100194100002200205245009600227260009100323300003000414410006500444501018900509504002800698651004700726700001800773e 58000028 DLC20260227111236.0771104s1958 xx 000 0 eng  ae 58000028  a(OCoLC)3394922 aDLCcNjJSdNjJSdDLC apremarc00aL111b.A6 1958, no. 15 aF199b.W7 1958 a917.531 aWillcockson, Mary10aKnow your Capital City.cFirst ed. by Mary Willcockson, brought up to date by Juanita Winn. a[Washington]bU.S. Dept. of Health, Education and Welfare, Office of Educationc[1958] avi, 49 p.billus.c24 cm.10aUnited States.bOffice of Education.tBulletin 1958,vno. 15 aCopies 1 and 2 of L111.A6 with: Organizing districts for better schools / Charles Ocelus Fitzwater. Washington : Govt. Print. Off., 1958. Bound together subsequent to publication.5DLC aBibliography: p. 45-46. 0aWashington (D.C.)xDescription and travel.1 aWinn, Juanita